kraje o najmniejszej powierzchni od A do Z - Statystyki

Ogólne statystyki
  • Ten quiz został rozwiązany 265 razy
  • Średni wynik to 17 z 24
Statystyki odpowiedzi
litera kraj % Poprawnych
w Watykan
92%
ł Łotwa
86%
o Oman
85%
v Vanuatu
83%
m Monako
81%
s San Marino
80%
l Liechtenstein
77%
f Fidżi
76%
t Tuvalu
74%
a Antigua i Barbuda
71%
n Nauru
71%
d Dominika
69%
c Cypr
67%
p Palau
67%
z Zjednoczone Emiraty Arabskie
67%
b Barbados
66%
e Eswatini
65%
h Honduras
65%
u Urugwaj
64%
j Jamajka
63%
g Grenada
59%
i Izrael
59%
k Kiribati
59%
r Republika Zielonego Przylądka
41%
Nie znaleziono quizów pasujących do podanych kryteriów
Rozkład punktacji
Procent ludzi z każdym wynikiem
Percentyl według liczby udzielonych odpowiedzi
Twoja historia wyników
Nie rozwiązałeś tego quizu